000 00717nam a2200289Ia 4500
005 20260324120524.0
008 008 260324s9999 xx 000 0 eng d
020 _a9781315094052
037 _aEBOOK
040 _aCRL
040 _beng
040 _cCRL
041 _2eng
041 _aeng
084 _qCRL
100 _aRobertson Ritchie
_9438201
245 0 _aFontane and Cultural Mediation
245 0 _bTranslation and Reception in Nineteenth-Century German Literature
260 _bTaylor and Francis
260 _c2015
365 _a
365 _b145
856 _uhttp://www.taylorfrancis.com/books/9781315094052
942 _cEBOOK
999 _c1750489
_d1750489